000 00705cam a2200241ua 4500
001 9371
005 20260515114447.0
008 150813n ii |||gr||||Z||||||eng
020 _a8123742207
040 _cMAIN
041 _aeng
082 _a155.4
100 _aSwaminathan, Mina,
_eAuthor.
245 1 _aPlay activities for child development :
_ba guide to preschool teachers /
_cby Mina Swaminathan .
250 _a1st ed./rep.
260 _aNew Delhi:
_bNational book trust,
_c2005.
300 _a214p.
653 _aDifferential & developmental psychology
653 _aChild development
653 _aGuide book to pre-school teachers
700 _aDaniel, Prema,
_eAuthor.
942 _cBK
999 _c8422
_d8422